La alimentación

Guardado en:
Detalles Bibliográficos
Autor principal: Lery, Francois
Formato: Libro
Lenguaje:español
Publicado: Barcelona. Martínez Roca. 1968.
Materias:
Etiquetas: Agregar Etiqueta
Sin Etiquetas, Sea el primero en etiquetar este registro!

MARC

LEADER 00000nam a22000005a 4500
001 17515
003 CL-ChBUA
005 20120815103638.0
008 070301s1968 sp 000 0dspa
040 |a CL-ChBUA  |c CL-ChBUA 
082 0 0 |a 641.1 
090 |c 17515  |d 17515 
100 1 |a Lery, Francois. 
245 1 0 |a La alimentación 
260 |b Martínez Roca.  |a Barcelona.  |c 1968. 
300 |c 18 cm. 
504 |a Bibl.; índice. 
650 4 |a ALIMENTACION. 
942 |c LIB 
952 |0 0  |1 0  |4 0  |7 0  |9 24234  |a UNACH  |b UNACH  |c 600  |d 2007-03-05  |i 9.189.  |l 0  |o 641.1 / L 621.  |p 25233  |r 2012-12-27 00:00:00  |u 24234  |w 2012-08-08  |y LIB  |k 641.1 / L 621. 
999 |c 17515  |d 17515